Normal view
MARC view
- Brunhoff, Laurent de,
Entry Nombre Personal
001 - NUMERO DE CONTROL
- campo de control: 36389
003 - IDENTIFICADOR DE NUMERO DE CONTROL
- campo de control: UPN
005 - FECHA Y HORA DE LA ÜLTIMA TRANSACCIÓN
- campo de control: 20210219194514.0
008 - DATOS DE LONGITUD FIJA
- campo de control de longitud fija: nabaccnnaabn|||||||||| b |nc|||||d
035 ## - NUMERO DE CONTROL
- Número de control: UPN11000008496
040 ## - FUENTE DE CATALOGACIÓN
- Lenguaje de catalogación: SPA
- Agencia de transcripción: UPN
100 1# - ENCABEZAMIENTO - NOMBRE PERSONAL
- Nombre personal: Brunhoff, Laurent de,
- Fechas asociadas con el nombre: 1925-
670 ## - FUENTE EN LA QUE SE LOCALIZARON DATOS
- Cita de la fuente: T
- Información localizada: Wikipedia
680 ## - NOTA PUBLICA DE ACCESO PÚBLICO
- Frase explicativa de la referencia: Es autor e ilustrador, conocido por continuar con la serie de literatura infantil "Babar el Elefante", Jean de Brunhoff
902 ## - CATALOGADOR
- Catalogador: MCM/280115
